[Event "EU-chT (Men) 12th"]
[Site "Batumi"]
[Date "1999.12.06"]
[Round "8.1"]
[White "Movsesian, Sergei"]
[Black "Sokolov, Ivan"]
[Result "1-0"]
[WhiteElo "2659"]
[BlackElo "2656"]
[Annotator "Horn,Peter"]
[PlyCount "108"]
[EventDate "1999.11.06"]
[EventType "team-swiss"]
[EventRounds "9"]
[EventCountry "GEO"]
[SourceTitle "CBM 074"]
[Source "ChessBase"]
[SourceDate "2000.02.01"]
[SourceVersion "1"]
[SourceVersionDate "2000.02.01"]
[SourceQuality "1"]
[WhiteTeam "Czech Republic"]
[BlackTeam "Bosnia&Herzegovina"]
[WhiteTeamCountry "CZE"]
[BlackTeamCountry "BIH"]

1. Nf3 d5 2. g3 c6 3. Bg2 Bg4 4. O-O Nd7 5. d3 e5 6. Nbd2 Ngf6 7. e4 dxe4 8. dxe4 h6 {Schwarz bereitet e6 vor, indem er g5 verhindert.} 9. h3 (9. Qe2 Qc7 10. Nc4 O-O-O $6 11. h3 Be6 12. a4 g5 13. Nh2 Rg8 14. Be3 $14 {Hort,V-Kovacs,L/Sombor 1968}) (9. b3 Bb4 10. Bb2 O-O 11. c3 Be7 12. Qc2 Qc7 13. Nc4 Rfd8 14. Ne3 Be6 15. c4 $11 {Vaganian,R-Dutreeuw,M/Elista 1998}) 9... Be6 10. Qe2 (10. Nh4) ({RR} 10. b3 Qc7 11. Bb2 Rd8 12. Qe2 b5 13. a4 a6 14. axb5 axb5 15. Nh4 Bc5 16. Kh1 Bd6 17. Nf5 Bxf5 18. exf5 O-O 19. g4 Bc5 20. Ne4 Bd4 21. c3 Bb6 22. c4 bxc4 23. Qxc4 Nxe4 24. Qxe4 Nc5 {Amin,B (2710)-Anand,V (2773) St Petersburg 2018 ½-½}) 10... Bc5 (10... Qc7 11. a4 (11. b3 b5 12. a4 Rb8 13. Bb2 Bd6 14. Ne1 (14. axb5 $5) 14... O-O 15. Nd3 Nc5 16. axb5 cxb5 17. f4 Nxd3 18. cxd3 Qc2 $2 19. Bxe5 Bxe5 20. fxe5 Qc5+ 21. Qf2 $18 {Savicevic,V-Miladinovic,I/Cetinje 1991}) 11... Bc5 12. b3 O-O (12... Nh7 $5) 13. Bb2 Nh7 14. Nc4 Ng5 15. Nxg5 (15. h4 Nxf3+ 16. Bxf3 Rfe8 17. Kg2 b5 18. Ne3 Bd4 19. Rfb1 a6 20. Nd1 Nf6 21. c3 Bc5 22. Bc1 b4 $1 23. Be3 Bxe3 $15 {Casafus,R-Mascarinas,R/Buenos Aires 1994}) 15... hxg5 16. Rfd1 f6 17. Rd2 Nb6 18. Ne3 Rad8 19. Rad1 $14 {Lobron,E-Roeder,F/Germany 1985}) 11. b3 Qc7 (11... b5 12. Bb2 Qb8 $6 13. Ne1 O-O 14. Nd3 Bb6 15. Kh1 Nh7 16. f4 $14 {Urday,H-Cramling,P/Alicante 1989}) 12. Bb2 Nh7 $146 {[%cal Yh7g5] Eine Nebenidee von h6.} ({RR} 12... O-O 13. Nc4 Bxc4 14. Qxc4 Rfe8 15. Rad1 b5 16. Qe2 a5 17. Nh4 a4 18. Bc3 Kh7 19. Nf5 g6 20. Ne3 Bb6 21. Rd2 Nc5 22. Ng4 Nxg4 23. Qxg4 Ne6 24. Rfd1 axb3 25. axb3 Rad8 26. h4 h5 27. Qf3 {Dragomirescu,A (2111)-Serban,C (2309) Bucharest ROU 2024 0-1 (72)}) ({RR} 12... b5 13. a4 Rb8 14. Nh4 O-O 15. Nf5 Rfd8 16. Rfc1 Bf8 17. axb5 cxb5 18. Ne3 Nc5 19. Nf3 Bd6 20. Nf5 Bxf5 21. exf5 Re8 22. Nd2 a5 23. Ne4 Ncxe4 24. Bxe4 Nxe4 25. Qxe4 a4 26. bxa4 bxa4 27. Ba3 {Marek,M (2331)-Bok,B (2587) chess.com INT 2024 1-0 (53)}) 13. Nc4 Ng5 {Da Schwarz noch nicht rochiert hat, verbietet sich das Schlagen auf g5.} 14. Nfxe5 Bxc4 (14... Nxe5 15. Nxe5 Nxh3+ 16. Kh2 Nxf2 (16... Ng5 17. f4 $14) 17. Rxf2 Bd6 18. Qh5 g6 19. Nxg6 Bxg3+ 20. Kh1 Rg8 21. Rf6 (21. Be5 $2 fxg6 22. Bxc7 gxh5 $15) 21... Rxg6 22. Rxg6 fxg6 23. Qxg6+ Bf7 24. Qxh6 $16) 15. Qxc4 (15. Nxc4 Qxg3 $15) 15... Bxf2+ 16. Rxf2 Nxe5 17. Qc5 Nd7 (17... Ng6 18. Kh2 (18. Bxg7 $2 Qxg3 $17) 18... Ne6 19. Qe3 $14) 18. Qe3 O-O 19. Qf4 Qb6 (19... Qxf4 20. gxf4 $16 {käme Weiß mit seinem Läuferpaar entgegen.}) 20. Qg4 Rad8 21. Raf1 Qc5 ({Logisch sieht} 21... f6 {aus, um eine Blockade auf e5 zu errichten.} 22. h4 $140 Nf7 {[%csl Ge5]}) 22. h4 Ne6 23. Qf5 {Die Endspiele mit Verbesserung der Bauernstellung sehen Weiß klar im Vorteil.} Qd6 (23... Qe3) 24. e5 Qc5 25. Qe4 Nb6 26. c4 Nd7 (26... Rd7 {läuft nach} 27. Bh3 {ins Leere, da Schwarz die d-Linie wegen des Drucks gegen f7 nicht nutzen kann.}) 27. Bh3 Qe7 28. Qe3 b6 (28... a6 $143 29. Qa7 $16) 29. Kh2 c5 {[%csl Rd5] nach b6 ist dies auf Dauer kaum zu vermeiden; allerdings erhält Weiß jetzt ein Feld auf d5.} 30. Re1 Rfe8 31. Rd2 Ndf8 32. Rd5 Nc7 33. Red1 $1 {Ein hübsches positionelles Qualitätsopfer.} Nxd5 34. cxd5 Ne6 (34... Ng6 35. e6 fxe6 36. Bxe6+ Kh7 (36... Qxe6 37. dxe6 Rxd1 38. h5 Nh8 39. Qe5 Rd2+ 40. Kh3 Rxb2 41. Qxb2 Rxe6 42. Qg2 $16) 37. Qe4 {[%cal Rh4h5]} Rxd5 (37... Rf8 38. Rd2 $16) (37... Qf7 38. h5 Qf2+ 39. Kh3 Qxb2 40. Qxg6+ Kh8 41. Bf5 $18) 38. Rxd5 Qxe6 39. Re5 Qxe5 40. Bxe5 Rxe5 41. Qf3 $16) 35. d6 Qb7 (35... Qd7) 36. Bg2 Qd7 37. Bd5 b5 38. Qe4 Rc8 39. Bc3 a5 $2 {Hier könnte Zeitnot im Spiel gewesen sein.} (39... c4 $5) 40. Bxa5 Qa7 (40... b4 $2 41. Bb7 Rb8 42. Bc6 Qa7 43. Bxe8 Rxe8 44. d7 Rb8 45. d8=Q+ Nxd8 46. Bxd8 $18) 41. Bd2 (41. Bxe6 fxe6 42. d7 Qxa5 43. a4 bxa4 44. Qg6 Qd8 45. bxa4 Ra8 46. dxe8=Q+ Qxe8 $11) 41... Rcd8 (41... Rb8 $142) 42. a4 (42. Bc6 Nd4 43. Bxe8 Rxe8 $132) 42... c4 $2 (42... bxa4 43. bxa4 $14) 43. Be3 Qa5 44. axb5 (44. Bc6 $16) 44... cxb3 45. Bc6 Qa2+ 46. Kh3 b2 (46... Rf8 47. Qf5 $16) 47. Rf1 Qb3 48. b6 f5 49. Bd5 Qc3 $2 (49... Qb5 50. Bc4 $1 fxe4 51. Bxb5 $18) 50. Qxf5 Qxe3 51. d7 $1 Re7 52. Bxe6+ Rxe6 (52... Kh8 53. Qf8+ Rxf8 54. Rxf8+ Kh7 55. Bf5+ $18) 53. Qxe6+ Kh7 54. Qf5+ Kg8 {..} (54... Kg8 55. e6 $18) 1-0

[Event "Solin 7th"]
[Site "Solin"]
[Date "1999.12.18"]
[Round "9"]
[White "Dizdarevic, Emir"]
[Black "Tukmakov, Vladimir B"]
[Result "1-0"]
[WhiteElo "2527"]
[BlackElo "2557"]
[PlyCount "63"]
[EventDate "1999.12.10"]
[EventType "tourn"]
[EventRounds "9"]
[EventCountry "CRO"]
[EventCategory "13"]
[SourceTitle "CBM 075"]
[Source "ChessBase"]
[SourceDate "2000.04.05"]
[SourceVersion "1"]
[SourceVersionDate "2000.04.05"]
[SourceQuality "1"]

1. Nf3 c5 2. g3 Nc6 3. Bg2 g6 4. O-O Bg7 5. c3 d5 6. Qa4 ({RR} 6. d4 cxd4 7. cxd4 Nh6 8. Nc3 Nf5 9. e3 O-O 10. b3 Re8 11. Bb2 e6 12. Rc1 Bd7 13. Ne1 Rc8 14. Nd3 b6 15. Qe2 a6 16. Na4 Nd6 17. Rc2 Na7 18. Rfc1 Bxa4 19. bxa4 Nc4 20. Ne5 b5 {Caruana,F (2804)-Vachier Lagrave,M (2789) Leuven 2016 0-1 (51)}) ({RR} 6. d4 cxd4 7. cxd4 Bg4 8. e3 Nf6 9. Nc3 O-O 10. Bd2 Ne4 11. Rc1 f5 12. h3 Bxf3 13. Bxf3 e6 14. Qe2 Bxd4 15. Bxe4 dxe4 16. exd4 Nxd4 17. Qe3 Nf3+ 18. Kg2 Qxd2 19. Qc5 b6 20. Qe7 Rfe8 {Redzisz,M (2231)-Nechitaylo,N (2216) chess.com INT 2024 0-1 (34)}) 6... e6 7. d3 $146 ({RR} 7. d4 cxd4 8. Nxd4 Nge7 9. Nxc6 Nxc6 10. c4 O-O 11. Nc3 d4 12. Ne4 Qc7 13. Nc5 Qe5 14. Ne4 Qc7 15. Bf4 e5 16. Bd2 Bg4 17. Rfe1 Rac8 18. c5 Bd7 19. Rac1 h6 20. Nd6 Rb8 21. b4 a6 {Cvorovic,D (2459)-Kutuzovic,B (2313) Sibenik 2008 ½-½ (50)}) 7... Nge7 8. a3 O-O 9. b4 c4 10. dxc4 dxc4 11. Ra2 Nd5 12. Qb5 Bd7 13. Qxc4 Rc8 14. Qb3 b5 15. Rc2 a5 16. Nbd2 a4 17. Qb2 Ncxb4 18. axb4 Nxc3 19. Rxc3 Bxc3 20. Qb1 Bc6 21. Ne4 Bxe4 22. Qxe4 Rc4 23. Qe3 Qc7 24. h4 h5 25. Ng5 Bd4 26. Qd3 Rxc1 27. Qxd4 Qc3 28. Qa7 Rxf1+ 29. Bxf1 a3 30. Bh3 Qb2 31. Bxe6 fxe6 32. Qh7# 1-0

[Event "RUS-chT clubs 1L"]
[Site "Korolev"]
[Date "2000.??.??"]
[Round "1"]
[White "Turov, Maxim"]
[Black "Kosyrev, Vladimir"]
[Result "1-0"]
[WhiteElo "2539"]
[BlackElo "2512"]
[PlyCount "87"]
[EventDate "2000.??.??"]
[EventType "team"]
[EventRounds "9"]
[EventCountry "RUS"]
[SourceTitle "EXT 2006"]
[Source "ChessBase"]
[SourceDate "2005.11.24"]
[SourceVersion "1"]
[SourceVersionDate "2005.11.24"]
[SourceQuality "1"]

1. e4 e6 2. d3 d5 3. Nd2 Nf6 4. Ngf3 c5 5. g3 b6 6. Bg2 Bb7 7. Qe2 Be7 8. O-O Nc6 9. c3 Qc7 10. a3 O-O-O $146 ({RR} 10... O-O 11. e5 Nd7 12. Re1 a5 13. h4 Ba6 14. Nf1 b5 15. Bf4 b4 16. Ne3 bxc3 17. bxc3 Nb6 18. h5 Rab8 19. Ng4 Na4 20. Bh6 gxh6 21. Qd2 Kh8 22. Qxh6 Rg8 23. Nf6 Rg7 24. Ng5 Bxd3 25. Be4 {Mazurkiewicz,M (2145)-Stromboli,E (2312) chess.com INT 2024 0-1 (33)}) ({RR} 10... O-O 11. e5 Nd7 12. Re1 a5 13. h4 Ba6 14. Nf1 b5 15. Bf4 b4 16. Ne3 bxc3 17. bxc3 Nb6 18. h5 Rab8 19. Ng4 Na4 20. Bh6 gxh6 21. Qd2 Kh8 22. Qxh6 Rg8 23. Nf6 Rg7 24. Ng5 Bxd3 25. Be4 {Mazurkiewicz,M (2145)-Stromboli,E (2312) chess.com INT 2024 0-1 (33)}) 11. b4 dxe4 12. dxe4 Ne5 13. Nxe5 Qxe5 14. Bb2 Qh5 15. f3 Rd7 16. Nc4 Rhd8 17. g4 Qh4 18. Bc1 h5 19. g5 Nh7 20. f4 f6 21. Be3 Rd3 22. bxc5 Rxe3 23. Nxe3 Bxc5 24. Kh1 fxg5 25. e5 Qh3 26. Bxb7+ Kxb7 27. Rad1 Rxd1 28. Nxd1 gxf4 29. Rxf4 Ng5 30. a4 Kc6 31. Qb5+ Kd5 32. Nf2 Qe3 33. Qd7+ Kxe5 34. Nd3+ Qxd3 35. Qxd3 Kxf4 36. Qg3+ Kf5 37. h4 Ne4 38. Qf3+ Ke5 39. Qxh5+ Kf6 40. Qf3+ Ke5 41. Qf7 Ng3+ 42. Kh2 Nf5 43. Qxa7 Nxh4 44. a5 1-0

[Event "Asia-ch"]
[Site "Udaipur"]
[Date "2000.01.16"]
[Round "6"]
[White "Zhang, Zhong"]
[Black "Xu, Jun"]
[Result "1-0"]
[WhiteElo "2611"]
[BlackElo "2578"]
[PlyCount "59"]
[EventDate "2000.01.10"]
[EventType "swiss"]
[EventRounds "9"]
[EventCountry "IND"]
[SourceTitle "EXT 2001"]
[Source "ChessBase"]
[SourceDate "2000.11.22"]
[SourceVersion "1"]
[SourceVersionDate "2000.11.22"]
[SourceQuality "1"]

1. e4 c5 2. Nf3 e6 3. d3 Nc6 4. g3 d5 5. Qe2 Nge7 6. Bg2 g6 7. O-O Bg7 8. c3 h6 9. h4 b6 10. Re1 Ba6 11. e5 Qc7 12. a4 g5 13. hxg5 hxg5 14. Bxg5 Ng6 15. Na3 Ncxe5 16. Nb5 Bxb5 $146 ({RR} 16... Qd7 17. Nxe5 Bxe5 18. Qf3 f6 19. Rxe5 fxe5 20. Qf6 Rg8 21. Nc7+ Qxc7 22. Qxe6+ Kf8 23. Bxd5 Kg7 24. Bf6+ Kh7 25. Qh3+ {1-0 (25) Sjugirov,S (2675)-Mista,A (2574) ICC INT 2020}) ({RR} 16... Qd7 17. Nxe5 Bxe5 18. Qf3 f6 19. Rxe5 fxe5 20. Qf6 Rg8 21. Nc7+ Qxc7 22. Qxe6+ Kf8 23. Bxd5 Kg7 24. Bf6+ Kh7 25. Qh3+ {1-0 (25) Sjugirov,S (2675)-Mista,A (2574) ICC INT 2020}) 17. axb5 f6 18. Nxe5 fxe5 19. c4 Qf7 20. cxd5 exd5 21. Qf3 Qxf3 22. Bxf3 e4 23. dxe4 O-O 24. Bg2 Bxb2 25. Ra2 Bc3 26. Rc1 d4 27. f4 Ba5 28. e5 Rac8 29. Bd5+ Kg7 30. Rh2 1-0

[Event "Ubeda op 5th"]
[Site "Ubeda"]
[Date "2000.01.25"]
[Round "7"]
[White "Minasian, Artashes"]
[Black "Grischuk, Alexander"]
[Result "1-0"]
[WhiteElo "2598"]
[BlackElo "2549"]
[Annotator "Horn,Peter"]
[PlyCount "99"]
[EventDate "2000.01.19"]
[EventType "swiss"]
[EventRounds "10"]
[EventCountry "ESP"]
[SourceTitle "CBM 075"]
[Source "ChessBase"]
[SourceDate "2000.04.05"]
[SourceVersion "1"]
[SourceVersionDate "2000.04.05"]
[SourceQuality "1"]

1. Nf3 {Dagh,Nielsen} d5 2. g3 Nf6 3. Bg2 c6 4. d3 Bg4 5. O-O Nbd7 6. Qe1 e5 7. h3 Bh5 ({RR} 7... Bxf3 8. Bxf3 e4 9. Bg2 Bc5 10. Nc3 Qe7 11. dxe4 dxe4 12. Bg5 h6 13. Bxf6 Nxf6 14. e3 O-O 15. Qe2 Rad8 16. Rad1 b5 17. a4 a6 18. axb5 axb5 19. Rxd8 Rxd8 20. Rd1 Re8 21. Nb1 Qe6 22. b3 {Kramnik,V (2801)-Anand,V (2784) Zuerich 2016 ½-½ (31)}) 8. e4 ({RR} 8. Nh4 Bg6 9. Nd2 Bc5 10. e4 dxe4 11. Nxg6 hxg6 12. dxe4 b5 13. a4 a6 14. Nb3 Bb6 15. axb5 axb5 16. Rxa8 Qxa8 17. Qb4 Qa6 18. Qd6 Bd8 19. Be3 Be7 20. Qd2 c5 21. Ra1 Qc6 22. c4 O-O {Ghasi,A (2503)-Yoon,J (2270) London ENG 2024 1-0 (64)}) 8... dxe4 9. dxe4 a5 $146 ({RR} 9... Bc5 10. b3 O-O 11. Bb2 Qc7 12. Nbd2 Rfe8 13. Nh4 Nf8 14. Nc4 b5 15. b4 Bd4 16. c3 Bxf2+ 17. Rxf2 bxc4 18. Qf1 Ne6 19. Qxc4 Nd7 20. Nf5 f6 21. Rd2 Nb6 22. Qb3 Rad8 23. Rxd8 Qxd8 24. Qc2 {Akopova,A (2107)-Sarana,A (2350) Kolomna 2014 0-1 (59)}) ({RR} 9... Be7 10. Nh4 O-O 11. Nf5 Bc5 12. b4 Bb6 13. Nd6 Qc7 14. Nc4 a5 15. Nxb6 Nxb6 16. c3 Nfd7 17. Nd2 f6 18. a3 c5 19. bxa5 Rxa5 20. Rb1 Ra4 21. f4 Bf7 22. Rf2 Nc4 23. Nxc4 Bxc4 24. Qd1 {Minasian,A (2600)-Yagupov,I (2449) Linares 2000 ½-½ (52)}) ({RR} 9... Bc5 10. b4 Be7 ({RR} 10... Bd6 11. Nh4 a5 ({RR} 11... O-O 12. Nf5 Bc7 13. Nc3) 12. Nf5 Bxb4 13. Nxg7+ Kf8 14. c3 Kxg7 15. cxb4 Bg6) ({RR} 10... Bb6 11. Na3 ({RR} 11. Nbd2)) 11. Bb2 ({RR} 11. Nh4 O-O ({RR} 11... Bg6)) 11... a5 ({RR} 11... Qb6 12. Nxe5) 12. bxa5 Qxa5 ({RR} 12... Bxf3 13. Bxf3 Qxa5 14. a4 Bb4 15. c3 Be7 16. Nd2 O-O 17. Nc4 Qc7) 13. Qxa5 Rxa5 14. Bc3 Rc5 15. Nfd2 Nf8 16. Re1 Ne6 17. Bf1 Nd4 ({RR} 17... O-O 18. Bb4 Rd8 19. Kg2) 18. Bd3 Nd7 19. Bxd4 ({RR} 19. Kg2) 19... exd4 20. Nb3 Ne5 21. Kg2 Nxd3 22. cxd3 Rc2 ({RR} 22... Rb5 23. N1d2 Bb4 ({RR} 23... Rb4 24. Nc4 Ra4 25. Nxd4 b5 26. Nf5 bxc4 27. Nxg7+ Kd7 28. Nxh5) 24. a4 Rb6 25. g4 Bg6 26. a5 Ra6) 23. Nxd4 Rb2 24. g4 {Icy45 (2536)-Flying Saucers (2422) Playchess.com INT 2006 EXT 2008 [Dagh,Nielsen] ½-½ (62)} {RR} Bc5 25. Ne2 Bg6) 10. a4 Bc5 11. Nbd2 O-O 12. Nc4 Qc7 13. Nh4 Rfe8 14. Bg5 $146 {Damit möchte Weiß h7-h6 provozieren; ohne diesen Zug wird die schwarze Bewegungsfreiheit stark eingeschränkt, da der d7 nicht ziehen kann.} (14. Bd2 b6 15. Kh1 Nf8 (15... Bg6 16. b3 Bf8 17. Bc3 Nc5 18. Nxg6 hxg6 19. Qe3 $14 {Spangenberg,H-Fiorito,F/ARG-ch 1995}) 16. Bc3 N6d7 17. f4 f6 18. f5 $2 Bd4 19. Bd2 Bf7 20. Qe2 b5 $17 {Dannevig,O-Davies,N/Gausdal/1994}) 14... b6 15. Kh1 Qa7 {[%cal Ya7a6] Ein ungewöhnliches Manöver: Schwarz möchte den c4 befragen. Andererseits steht die a7(bzw. a6) doch etwas abseits.} (15... h6 16. Bd2 Nf8 (16... Bf8)) 16. Nf5 Rad8 17. c3 Qa6 18. b3 Bf8 19. f3 {[%csl Rh5] Weiß schließt den h5 vom Spiel aus.} h6 20. Be3 Nc5 21. Qb1 Bg6 (21... Nh7 22. Qc2 f6 23. Rad1) 22. Nh4 {Ein Abtausch auf f5 nebst etl. e5-e4 käme hier Schwarz zugute.} Bh7 23. Qc2 Be7 24. Bf2 Nh5 25. Rfd1 b5 $5 {Schwarz versucht die a6 wieder ins Spiel zu bringen.} ({Naheliegend war} 25... Bxh4 26. gxh4 {z.B.} f6 (26... Nf4 $5 27. Rxd8 (27. Bf1 Qa7 28. Nd6 $140 $2 Re6) 27... Rxd8 28. Nxe5 $13 {Der Mehrbauer ist nicht so wichtig.}) 27. Bf1 Qa7 28. Nd6 {und das Fehlen des e7 macht sich bemerkbar.}) 26. Rxd8 (26. axb5 Qxb5 27. Rxa5 Qxb3 28. Qxb3 Nxb3 29. Rxd8 Rxd8 30. Rxe5 Bxh4 31. gxh4 Bg6 $44) 26... Rxd8 27. Nxe5 Bd6 $2 {Die folgende Fesselung durfte Schwarz nicht zulassen.} (27... bxa4 28. bxa4 Nd3 {war kritisch:} 29. Nxd3 (29. Bf1 Nxf2+ 30. Qxf2 Qc8 $8 {[%cal Rc8c7] mit einer spannungsreichen Stellung.}) 29... Qxd3 30. Qxd3 Rxd3 31. Be1 g5 32. Nf5 Bxf5 33. exf5 Bf6 $44) 28. Rd1 {Danach hat Schwarz keine Kompensation.} Ne6 (28... Qb6 29. b4 Bxe5 30. bxc5 $16) 29. f4 bxa4 30. bxa4 Bxe5 31. Rxd8+ Nxd8 32. fxe5 Ne6 33. Nf5 Bg6 34. Ne7+ Kh7 35. Nxg6 fxg6 36. c4 Qc8 37. c5 Qf8 $2 ({Wenn es noch eine Chance gab, bestand sie in} 37... Qb8 38. Qc3 Qb1+ 39. Kh2 Qa2 40. Be1 Qxa4 41. Qxa5 Qxa5 42. Bxa5 Nxc5) 38. Kg1 $18 Ng5 39. Qc3 Qc8 40. Kh2 Qf8 41. Be1 Qf7 42. Qe3 Qe6 43. Bxa5 Qxe5 44. Bc3 Qe6 45. a5 Nf6 46. Bxf6 Qxf6 47. Qa3 Qf2 48. a6 Nxe4 49. a7 Nd2 50. Qd3 1-0

[Event "Valle d'Aosta op 8th"]
[Site "Saint Vincent"]
[Date "2000.02.15"]
[Round "4"]
[White "Romanishin, Oleg M"]
[Black "Timoscenko, Gennadij A"]
[Result "1-0"]
[WhiteElo "2578"]
[BlackElo "2519"]
[PlyCount "91"]
[EventDate "2000.02.12"]
[EventType "tourn"]
[EventRounds "9"]
[EventCountry "ITA"]
[SourceTitle "CBM 074 Extra"]
[Source "ChessBase"]
[SourceDate "2000.03.10"]
[SourceVersion "2"]
[SourceVersionDate "2000.03.10"]
[SourceQuality "1"]

1. Nf3 c5 2. g3 g6 3. c3 Bg7 4. d4 cxd4 5. cxd4 d5 6. Bg2 Nc6 7. Nc3 e6 8. O-O Nge7 9. b3 O-O 10. Ba3 ({RR} 10. e3 b6 11. Ba3 Ba6 12. Re1 Qd7 13. Qd2 Rfc8 14. Rad1 Nf5 15. h4 Nd6 16. h5 Rc7 17. Bxd6 Qxd6 18. e4 Nb4 19. h6 Bf8 20. Ne5 Rac8 21. Re3 Bxh6 22. f4 Bf8 23. a3 Na2 24. Qxa2 Rxc3 {Kramnik,V (2753)-Corrales Jimenez,F (2489) chess.com INT 2023 0-1 (65)}) 10... b6 11. e4 ({RR} 11. Rc1 Ba6 12. Qd2 Qd7 13. Rfd1 Rfc8 14. Rc2 Nf5 15. e3 Bf8 16. Bxf8 Kxf8 17. Bf1 Bxf1 18. Rxf1 Nd6 19. Ne5 Nxe5 20. dxe5 Nb5 21. Ne2 Rxc2 22. Qxc2 Rc8 23. Qd2 a5 24. Rc1 Rxc1+ 25. Qxc1 Qc7 {So,W (2815)-Giri,A (2785) Chess.com INT 2017 ½-½ (38)}) 11... Ba6 ({RR} 11... a5 12. exd5 exd5 13. Re1 Nb4 14. Ne5 Bb7 15. Qd2 Re8 16. Nb5 Nec6 17. Bb2 f6 18. Nf3 Qd7 19. a3 Na6 20. Rxe8+ Rxe8 21. Re1 Ne7 22. a4 Bc6 23. Bf1 Bf8 24. Ba3 Nf5 25. Bxf8 Rxe1 26. Nxe1 {Romanishin,O (2440)-Walter,S (2296) Warsaw 2018 ½-½ (34)}) 12. Re1 Rc8 $146 ({RR} 12... dxe4 13. Nxe4 Nf5 14. Bxf8 Qxf8 15. Rc1 Nfxd4 16. Nxd4 Nxd4 17. Rc7 Rd8 18. Kh1 Qa3 19. Rxa7 Qxa2 20. Qc1 Nb5 21. Qg5 Rf8 22. Qxb5 {1-0 (22) Swiercz,D (2647)-Izoria,Z (2602) Chess.com INT 2021}) ({RR} 12... dxe4 13. Nxe4 Nf5 14. Bxf8 Qxf8 15. Rc1 Nfxd4 16. Nxd4 Nxd4 17. Rc7 Rd8 18. Kh1 Qa3 19. Rxa7 Qxa2 20. Qc1 Nb5 21. Qg5 Rf8 22. Qxb5 {1-0 (22) Swiercz,D (2647)-Izoria,Z (2602) Chess.com INT 2021}) 13. exd5 exd5 14. Bh3 Rc7 15. Qd2 Bc8 16. Bg2 Ba6 17. Bh3 Bc8 18. Bg2 Ba6 19. Rac1 Re8 20. Qf4 Rd7 21. Bh3 Bb7 22. Rcd1 h6 23. Ne5 Nxe5 24. dxe5 Rc7 25. Ne4 g5 26. Nf6+ Bxf6 27. Qxf6 Ng6 28. Qxd8 Rxd8 29. e6 fxe6 30. Bxe6+ Kg7 31. Bb2+ Kf8 32. Bf6 Rd6 33. Bb2 Rd8 34. Bf5 Ne7 35. Bg4 Bc8 36. Bf3 Bb7 37. Re6 Rc6 38. Re2 Rc7 39. h3 Nf5 40. Ba3+ Kg7 41. Bb2+ Kf7 42. Re5 Ne7 43. Bh5+ Kf8 44. Rde1 Rcd7 45. Bg4 Kf7 46. Be6+ 1-0

[Event "POL-ch 57th"]
[Site "Plock"]
[Date "2000.05.07"]
[Round "10"]
[White "Socko, Bartosz"]
[Black "Grabarczyk, Miroslaw"]
[Result "1-0"]
[WhiteElo "2556"]
[BlackElo "2522"]
[PlyCount "107"]
[EventDate "2000.04.28"]
[EventType "tourn"]
[EventRounds "13"]
[EventCountry "POL"]
[EventCategory "10"]
[SourceTitle "CBM 078"]
[Source "ChessBase"]
[SourceDate "2000.10.18"]
[SourceVersion "1"]
[SourceVersionDate "2000.10.18"]
[SourceQuality "1"]

1. g3 Nf6 2. Bg2 d5 3. Nf3 g6 4. O-O Bg7 5. d3 O-O 6. Nbd2 c5 7. e4 e6 8. Re1 Nc6 9. c3 b6 10. Qa4 Bb7 11. Nf1 ({RR} 11. e5 Nd7 12. d4 cxd4 13. cxd4 f6 14. Bh3 fxe5 15. Bxe6+ Kh8 16. Bxd7 Qxd7 17. dxe5 Nxe5 18. Qxd7 Nxd7 19. Ng5 Rfe8 20. Ndf3 Rxe1+ 21. Nxe1 Re8 22. Nef3 Kg8 23. Be3 Bxb2 24. Rb1 Bf6 25. h4 Ne5 {Mujumdar,S (1992)-Pang,Q (2187) Philadelphia USA 2023 1-0 (66)}) 11... d4 ({RR} 11... dxe4 12. dxe4 Nd7 13. Bg5 Qc7 {1-0 (13) Shchekachev,A (2514)-Fressinet,L (2675) Paris 2009}) 12. c4 e5 13. h4 Qc7 $146 ({RR} 13... a6 14. Bh3 Qc7 15. Qd1 b5 16. b3 Rab8 17. N3h2 Nh5 18. Bg4 Nf6 19. Bh3 Nh5 20. Bg4 Nf6 21. Be2 Nd7 22. h5 f5 23. hxg6 hxg6 24. exf5 gxf5 25. Bf3 Nf6 26. Bg5 Rbe8 27. Bxf6 Rxf6 28. g4 {Socko,B (2543)-Grabarczyk,M (2484) Koszalin 1999 1-0 (51)}) 14. N3h2 Nh5 15. Bf3 Nf6 16. Bg2 Nh5 17. Qd1 Rae8 18. Bd2 Qd7 19. a3 a5 20. Rb1 Ra8 21. Ng4 Kh8 22. Ngh2 Qc7 23. Bh3 a4 24. Bg5 Bc8 25. Bxc8 Qxc8 26. b3 axb3 27. Rxb3 Ra6 28. Qe2 Qc7 29. Reb1 Nb8 30. Nf3 Nd7 31. Ne1 Qc8 32. Ng2 Qe8 33. g4 Nhf6 34. Ng3 Ng8 35. Bd2 Qd8 36. f3 Bf6 37. g5 Be7 38. f4 f6 39. Qg4 exf4 40. Bxf4 Ne5 41. Bxe5 fxe5 42. Rf1 Rxf1+ 43. Nxf1 Bd6 44. h5 gxh5 45. Qxh5 Ra7 46. Nh2 Rg7 47. Nf3 Bc7 48. Kf2 Ne7 49. Ngh4 Qf8 50. Qg4 Rf7 51. Rb1 Rf4 52. Qh3 Rf7 53. Rh1 Qc8 54. Ng6+ 1-0